Lo que no se debe perder : (Record no. 180903)
[ view plain ]
| 000 -LEADER | |
|---|---|
| campo de control de longitud fija | 02405nam a2200313 i 4500 |
| 001 - NÚMERO DE CONTROL | |
| campo de control | 180903 |
| 003 - IDENTIFICADOR DE NÚMERO DE CONTROL | |
| campo de control | ES-MaACL |
| 005 - FECHA Y HORA DE LA ÚLTIMA TRANSACCIÓN | |
| campo de control | 20250415063104.0 |
| 008 - DATOS DE LONGITUD FIJA--INFORMACIÓN GENERAL | |
| campo de control de longitud fija | 120821s2008 sp |||| |aspa d |
| 020 ## - NÚMERO INTERNACIONAL ESTÁNDAR DEL LIBRO | |
| Número Internacional Estándar del Libro | 978-84-7360-312-6 |
| 080 ## - NÚMERO DE LA CLASIFICACIÓN DECIMAL UNIVERSAL | |
| Número de la Clasificación Decimal Universal | 929 Arrojo, Carmen |
| 080 ## - NÚMERO DE LA CLASIFICACIÓN DECIMAL UNIVERSAL | |
| Número de la Clasificación Decimal Universal | 94(460)"1936/39"(093.3) |
| 100 1# - ENTRADA PRINCIPAL--NOMBRE DE PERSONA | |
| Nombre de persona | Arrojo Maroto, Carmen, |
| 9 (RLIN) | 151332 |
| Fechas asociadas al nombre | 1918-2017 |
| Término indicativo de función/relación | Autor |
| 245 13 - MENCIÓN DEL TÍTULO | |
| Título | Lo que no se debe perder : |
| Resto del título | memorias de una republicana / |
| Mención de responsabilidad, etc. | Carmen Arrojo ; [prólogo de Almudena Grandes]. |
| 260 ## - PUBLICACIÓN, DISTRIBUCIÓN, ETC. | |
| Lugar de publicación, distribución, etc. | Madrid : |
| Nombre del editor, distribuidor, etc. | Tébar, |
| Fecha de publicación, distribución, etc. | 2008. |
| 300 ## - DESCRIPCIÓN FÍSICA | |
| Extensión | 246 p. ; |
| Dimensiones | 22 cm. |
| 490 1# - MENCIÓN DE SERIE | |
| Mención de serie | Letras del sur |
| 490 1# - MENCIÓN DE SERIE | |
| Mención de serie | Memoria de la Segunda República |
| 520 ## - RESUMEN, ETC. | |
| Sumario, etc. | En términos narrativos, pero también sentimentales, esta es la mejor historia que hemos tenido nunca. Si todavía alguien lo dudara, el fascinante argumento de este libro bastaría para demostrarlo. Carmen, una adolescente madrileña menuda e inexperta, llena de ideas sobre su vida y la de los demás, buena estudiante dispuesta a estudiar medicina, sintió el peso de la Historia con mayúscula y fue capaz de propulsarse desde la inicial minúscula de su destino hasta ponerse a su altura. Sabemos que no fue fácil, pero nadie lo adivinaría en la sencilla naturalidad que desprende su relato.Era lo que había que hacer y lo hice. Este lema, común al espíritu de miles y miles de republicanos españoles, preside el tono del libro, en el que, sin alardear nunca de ello, Carmen encarna el sentido de su propio apellido, Arrojo. El momento de las dudas había pasado y el del miedo insuperable no llegaría jamás. Con otros miedos se aprende a convivir, y la disciplina, la abnegación, la voluntad de ser útil eran otros nombres de valor mientras la indiferencia y el desconcierto hacían tanto daño como el enemigo. Pero Carmen Arrojo, menuda e inexperta como parecía, nunca perdió el sentido crítico, la capacidad de opinar por si misma y de disentir de los criterios ajenos. |
| 600 14 - PUNTO DE ACCESO ADICIONAL DE MATERIA--NOMBRE DE PERSONA | |
| Nombre de persona | Arrojo, Carmen. |
| 9 (RLIN) | 240031 |
| 651 #4 - PUNTO DE ACCESO ADICIONAL DE MATERIA--NOMBRE GEOGRÁFICO | |
| Nombre geográfico | España- |
| Subdivisión general | Historia- |
| Subdivisión cronológica | 1936-1939, Guerra civil- |
| Subdivisión de forma | Relatos personales. |
| 9 (RLIN) | 8326 |
| 700 1# - ENTRADA AGREGADA--NOMBRE PERSONAL | |
| Nombre de persona | Grandes, Almudena, |
| Fechas asociadas al nombre | 1960-2021 |
| 9 (RLIN) | 59600 |
| 830 1# - PUNTO DE ACCESO ADICIONAL DE SERIE-TÍTULO UNIFORME | |
| Título uniforme | Letras del sur |
| 9 (RLIN) | 224656 |
| 830 1# - PUNTO DE ACCESO ADICIONAL DE SERIE-TÍTULO UNIFORME | |
| Título uniforme | Memoria de la Segunda República |
| 9 (RLIN) | 223847 |
| 852 4# - LOCALIZACIÓN | |
| Ubicación | ES-MaACL |
| Número de control de estantería | A-12185 |
| itemnumber | 187782 |
| Sublocalización o colección | R.148354 |
| Ubicación en estantería | Depósito 1 |
| Signatura antigua | Olim: N-5190 |
| 942 ## - ELEMENTOS DE ENTRADA SECUNDARIOS (KOHA) | |
| Fuente del sistema de clasificación o colocación | Clasificación decimal universal |
| Tipo de ítem Koha | Libro impreso |
| Estatus retirado | Estado de pérdida | Fuente del sistema de clasificación o colocación | Estado de daño | No para préstamo | Biblioteca de origen | Biblioteca actual | Ubicación en estantería | Fecha de adquisición | Fuente de adquisición | Total de préstamos | Signatura topográfica completa | Código de barras | Visto por última vez | Precio de reemplazo | Tipo de ítem Koha |
|---|---|---|---|---|---|---|---|---|---|---|---|---|---|---|---|
| Clasificación decimal universal | Biblioteca del Ateneo de Madrid | Biblioteca del Ateneo de Madrid | Depósito 1 | 21/08/2012 | Compra | A-12185 | 1190100 | 23/02/2023 | 23/02/2023 | Libro impreso |
